| 000 | 00515nam a2200181Ia 4500 | ||
|---|---|---|---|
| 999 |
_c32635 _d32635 |
||
| 003 | OSt | ||
| 005 | 20201014111836.0 | ||
| 008 | 190216s9999||||xx |||||||||||||| ||und|| | ||
| 020 | _a9788178795829 | ||
| 040 | _coclc | ||
| 082 |
_a613.71 _bSRI/H |
||
| 100 |
_aSrivastava, A K _95628 |
||
| 245 | 0 |
_aHealth And Exercise / _cA K Srivastava |
|
| 260 |
_bSports Publication, _c2010. _aNew Delhi: |
||
| 300 | _a47p | ||
| 650 | _aSports And Games | ||
| 942 |
_cBK _2ddc _h613.71 _iSRI/H _k613.71 _mSRI/H |
||